| 000 | 00548cam a2200193 4500 | ||
|---|---|---|---|
| 008 | 090401t1990 xxu||||| |||| 00| 0 eng d | ||
| 020 | _a951960975X | ||
| 035 | _a(Sirsi) u36536 | ||
| 041 | _aeng | ||
| 050 | _a526.9 | ||
| 110 | _aFederation International Des Geometres | ||
| 245 | _aXVIX (i.e. XIX) congress ... Helsinki , Finland, June 10-19 1990: national reports | ||
| 260 |
_aHelsinki _bFIG _c1990 |
||
| 300 | _a232p. ; 21cm. | ||
| 350 | _a0 | ||
| 650 | _aROYAL INSTITUTION OF CHARTERED SURVEYORS | ||
| 942 | _n0 | ||
| 948 | _c04/03/1997 | ||
| 999 |
_c90319 _d90319 |
||